[Event "FRA-chT3 Gr12 0304"]
[Site "Loire"]
[Date "2004.02.01"]
[Round "5.6"]
[White "Bastion, Gilles"]
[Black "Abdou Issaka, Boubacar"]
[Result "0-1"]
[WhiteElo "1580"]
[BlackElo "1640"]
[PlyCount "100"]
[EventDate "2003.10.12"]
[EventType "team"]
[EventRounds "9"]
[EventCountry "FRA"]
[SourceTitle "EXT 2008"]
[Source "ChessBase"]
[SourceDate "2007.11.25"]
[SourceVersion "1"]
[SourceVersionDate "2007.11.25"]
[SourceQuality "1"]

1. d4 Nf6 2. Nf3 g6 3. g3 Bg7 4. Bg2 0-0 5. 0-0 d5 6. Re1 Nc6 7. Nc3 Bf5 8. a3 Ne4 9. e3 Nxc3 10. bxc3 Na5 11. Nd2 e5 12. Rb1 b6 13. Qe2 Bxc2 14. Rb4 Re8 15. Nf3 Be4 16. dxe5 Nc6 17. Rxe4 dxe4 18. Nd2 Nxe5 19. Bxe4 Rb8 20. c4 Qd7 21. Rd1 Qh3 22. Bg2 Qf5 23. Be4 Qf6 24. Bb2 Qe7 25. Bg2 Rbd8 26. Rc1 Nd3 27. Bxg7 Nxc1 28. Qe1 Nd3 29. Qa1 Ne5 30. Bh6 Rxd2 31. f4 Qc5 32. fxe5 Qxe5 33. Qe1 Red8 34. Bd5 R8xd5 35. cxd5 Qxd5 36. e4 Rd1 37. exd5 Rxe1+ 38. Kf2 Re5 39. Bf4 Rxd5 40. Bxc7 f5 41. Bb8 a6 42. h4 b5 43. Ke3 Kf7 44. Bf4 a5 45. Bc7 b4 46. axb4 axb4 47. Ba5 Rxa5 48. Kd3 Rc5 49. Kd2 b3 50. Kd1 b2 0-1